Sony : The private life
History of Sony company
Kaydedildi:
| Yazar: | |
|---|---|
| Materyal Türü: | Kitap |
| Dil: | Undetermined |
| Baskı/Yayın Bilgisi: |
Boston, Mass.
Houghton Mifflin
1999
|
| Konular: | |
| Etiketler: |
Etiketle
Etiket eklenmemiş, İlk siz ekleyin!
|
| Thư viện lưu trữ: | Trung tâm Học liệu Trường Đại học Cần Thơ |
|---|
| LEADER | 00646nam a2200229Ia 4500 | ||
|---|---|---|---|
| 001 | CTU_219482 | ||
| 008 | 210402s9999 xx 000 0 und d | ||
| 082 | |a 338.7 | ||
| 082 | |b N274 | ||
| 100 | |a Nathan, John | ||
| 245 | 0 | |a Sony : | |
| 245 | 4 | |b The private life | |
| 245 | 0 | |c John Nathan | |
| 260 | |a Boston, Mass. | ||
| 260 | |b Houghton Mifflin | ||
| 260 | |c 1999 | ||
| 520 | |a History of Sony company | ||
| 650 | |a Ngành công nghiệp điện tử,Electronic industries | ||
| 650 | |x Lịch sử,History | ||
| 650 | |z Nhật Bản,Japan | ||
| 904 | |i Nguyên | ||
| 980 | |a Trung tâm Học liệu Trường Đại học Cần Thơ | ||